[Event "WTCC-50 2018"]
[Site "Radebeul"]
[Date "2018.07.15"]
[Round "9"]
[White "Page, Mark E"]
[Black "Schulz, Klaus-Juergen"]
[Result "0-1"]
[WhiteElo "2139"]
[BlackElo "2324"]
[Annotator "TA"]
[PlyCount "166"]
[EventDate "2018.07.07"]
[EventType "team-tourn"]
[EventCountry "GER"]
[SourceTitle "playchess.com"]
[Source "ChessBase"]
[SourceQuality "1"]

{[%evp 17,166,0,17,-25,-32,-23,-10,-39,4,-33,0,-43,-31,-95,-86,-89,-35,-56,-68,-118,-52,-43,-39,-67,-60,-77,-58,-127,-114,-107,-124,-180,-114,-187,-127,-112,-127,-135,-119,-122,-110,-157,-123,-102,90,95,141,-20,0,0,0,-302,-301,-285,-197,-180,-112,-103,-118,-111,-116,-122,0,-35,0,-122,-68,-78,-16,-20,-12,-28,-28,-54,-8,-10,0,0,0,0,0,0,0,-8,0,0,0,0,0,0,0,-7,-7,-7,-7,-7,-7,-7,-7,-7,-7,-7,-7,-7,-7,-8,-8,-8,-8,-8,-8,-8,-8,-8,-8,-8,-8,-8,-8,-8,-8,-8,-8,-8,-8,-8,-8,-8,-8,-8,0,-8,-8,-8,-8,-8,-8,-93,-93,-29968,-29967,-29977,-29978,-29978,-29978,-29978,-29979,-29979,-29980,-29981,-29982]} 1. e4 c5 2. Nf3 e6 3. d3 Nc6 4. g3 d5 5. Qe2 Nf6 6. Bg2 Be7 7. O-O b6 8. e5 Nd7 9. c4 d4 {LiveBook: 114 Games} 10. a3 {C00: French: Unusual White 2nd moves} (10. h4 h6 11. h5 Bb7 12. Bf4 Qc7 13. Na3 a6 14. Nc2 O-O-O 15. a3 g5 16. hxg6 fxg6 17. g4 h5 18. g5 {0-1 (41) Bologan,V (2640)-Popov,I (2596) Sochi 2016}) 10... Bb7 11. Nbd2 Qc7 {[%cal Rc6e5]} 12. Re1 {The position is equal.} g5 {Threatens to win with ...g4.} 13. h3 $146 ({Predecessor:} 13. Ne4 g4 14. Nh4 Ncxe5 15. Bf4 O-O-O 16. Nxc5 bxc5 17. Bxe5 Nxe5 18. Qxe5 Bxg2 19. Nxg2 Qxe5 20. Rxe5 {0-1 (40) Donnelly,M (2064)-Kwiatkowski,F (2220) England 1999}) 13... h6 (13... h5 $5 {[%cal Rg5g4]} 14. Ne4 g4 15. hxg4 hxg4 $11) 14. Rb1 (14. b4 $5) 14... O-O-O 15. Nf1 (15. Ne4 $15) 15... Rhg8 $17 16. g4 Bf8 (16... Rdf8 $17) 17. Ng3 Bg7 {[%cal Rg7e5]} 18. b4 cxb4 ({Of course not} 18... Ndxe5 $6 19. bxc5 Nd7 20. cxb6 $11) ({Inferior is} 18... Bxe5 19. b5 $14) (18... Ncxe5 $17 19. Nxe5 Bxe5 20. Bxb7+ Kxb7 21. bxc5 Bxg3 22. c6+ Qxc6 23. fxg3 e5) 19. axb4 $15 Ndxe5 20. b5 Nxf3+ 21. Qxf3 Ne5 $36 {[%mdl 2048] White is under pressure.} 22. Qd1 (22. Qxb7+ $15 Qxb7 23. Bxb7+ Kxb7 24. Rd1) 22... Bxg2 $17 23. Kxg2 Qb7+ 24. f3 {[#]} Ng6 (24... f5 $1 $19 {[%mdl 512]} 25. Rf1 (25. gxf5 exf5) 25... fxg4 26. hxg4 Nxg4) 25. c5 (25. Kh1 $17) 25... bxc5 (25... Nh4+ $19 26. Kh1 bxc5) 26. Ne4 Bf8 27. Ba3 f5 28. Nxc5 Bxc5 29. Bxc5 fxg4 {And now ...Nf4+ would win.} 30. hxg4 Kb8 $2 (30... Rd5 $17 {and life is bright.} 31. Ba3 Kb8) 31. Ra1 $1 $16 Nh4+ ({But not} 31... Qxb5 $2 32. Rb1 $18) 32. Kh3 $2 ({Only move:} 32. Kh1 $16) 32... Qd5 33. Bxa7+ Kb7 {...Rdf8 is the strong threat.} 34. Qe2 $2 {[%mdl 8192]} (34. Re4 $11 Rgf8 35. Bxd4) 34... Rgf8 $1 $19 {[%cal Rf8f3]} 35. Rf1 Rxf3+ 36. Rxf3 Qxf3+ (36... Nxf3 $19 37. Bc5 Ne5) 37. Qxf3+ $17 Nxf3 $19 {[%mdl 4096] Endgame KRB-KRN} 38. Bc5 Rd5 $1 {[%cal Rd5c5]} 39. Bf8 {[#]} Rd8 (39... Re5 $1 $17 {Strongly threatening ...Kb6.} 40. Bd6 Rxb5) 40. Bc5 Rd5 ({Black should try} 40... Rc8 $15 41. Bd6 Kb6) 41. Bf8 $1 $17 {[#]} Ne5 (41... Re5 $1 $17 {aiming for ...Kb6.} 42. Kg3 Re3) 42. Ra3 $15 Rxb5 ({Better is} 42... Kb6 $17 43. Bxh6 Kxb5) 43. Bxh6 $11 Nc6 44. Kg3 Kc7 45. Bg7 Kd6 46. Bf6 Kd7 47. Kf3 Ne5+ 48. Kg3 Nc6 49. Kf3 Ke8 50. Ra6 Ne5+ 51. Ke4 Nxg4 52. Bxd4 Kf7 {White must now prevent ...Rb4.} 53. Ra7+ Kf8 {Hoping for ...Rb4.} 54. Kf3 (54. Ra8+ {seems wilder.} Ke7 55. Ra7+ Kd6 56. Ra6+ Kd7 57. Ra7+) 54... Ne5+ 55. Bxe5 Rxe5 {KR-KR} 56. Kg4 Rd5 57. d4 Ke8 58. Rb7 Kd8 59. Ra7 Rxd4+ 60. Kxg5 Rd7 61. Ra6 (61. Ra8+ {keeps more tension.} Ke7 62. Kf4 Rb7 63. Rh8 Rb4+ 64. Ke5) 61... Ke7 62. Kf4 Kf6 63. Ke4 Rh7 64. Rb6 Rh4+ 65. Kf3 Kf5 66. Rb5+ e5 67. Kf2 Rh3 68. Rb4 Ra3 69. Ke2 $1 Ke6 70. Rb5 Kd6 71. Kd2 Rh3 72. Ke2 Ke6 73. Ra5 Rh4 74. Ke3 Kf5 75. Rb5 Rh3+ 76. Ke2 Kf4 {Black wants to play ...e4.} 77. Rb4+ (77. Ra5 $11 {keeps the balance.}) 77... e4 $17 {[%cal Be5e4,Be4e3,Be3e2][%mdl 32]} 78. Ra4 $2 {[%mdl 8192]} (78. Rb8 $17) 78... Rh2+ {Black mates.} 79. Ke1 Kf3 80. Ra8 Rh1+ 81. Kd2 e3+ 82. Kd3 Rd1+ 83. Kc2 e2 {Precision: White = 48%, Black = 56%.} 0-1

[Event "WTCC-50 2018"]
[Site "Radebeul"]
[Date "2018.07.15"]
[Round "9"]
[White "Barron, Michael"]
[Black "Kudrin, Sergey"]
[Result "0-1"]
[WhiteElo "2123"]
[BlackElo "2468"]
[Annotator "RC"]
[PlyCount "94"]
[EventDate "2018.07.07"]
[EventType "team-tourn"]
[EventCountry "GER"]
[SourceTitle "playchess.com"]
[Source "ChessBase"]
[SourceQuality "1"]
[TimeControl "40/5400+30:1800+30"]

1. e4 {[%emt 0:00:00]} c5 {[%emt 0:00:00]} 2. Nf3 {[%emt 0:00:00]} d6 {[%emt 0:00:02]} 3. d4 {[%emt 0:00:00]} cxd4 {[%emt 0:00:10]} 4. Nxd4 {[%emt 0:00:00]} Nf6 {[%emt 0:00:08]} 5. Nc3 {[%emt 0:00:00]} g6 {[%emt 0:00:07]} 6. Be2 {[%emt 0:00:00]} Bg7 {[%emt 0:00:09]} 7. O-O {[%emt 0:00:00]} O-O {[%emt 0:00:10]} 8. Kh1 {[%emt 0:00:03]} Nc6 {[%emt 0:00:17]} 9. Nb3 {[%emt 0:00:02]} a6 {[%emt 0:01:25]} 10. f4 {[%emt 0:00:09]} b5 {[%emt 0:00:23]} 11. Bf3 {[%emt 0:00:01]} Bb7 {[%emt 0:00:13]} 12. Nd5 {[%emt 0:00:13]} Nd7 {[%emt 0:00:51]} 13. c3 {[%emt 0:00:07]} e6 {[%emt 0:01:13]} 14. Ne3 {[%emt 0:00:03]} Qc7 {[%emt 0:00:15]} 15. Qe2 {[%emt 0:00:59]} a5 {[%emt 0:02:30]} 16. Rd1 {[%emt 0:03:14]} b4 {[%emt 0:10:04]} 17. Nd4 {[%emt 0:01:11]} Nxd4 {[%emt 0:05:14]} 18. cxd4 {[%emt 0:00:02]} e5 {[%emt 0:08:29]} 19. dxe5 {[%emt 0:03:15]} dxe5 {[%emt 0:01:39]} 20. Nd5 {[%emt 0:00:10]} Bxd5 {[%emt 0:00:32]} 21. exd5 {[%emt 0:00:13]} Qd6 {[%emt 0:03:51]} 22. g3 {[%emt 0:00:32]} Rfe8 {[%emt 0:00:50]} 23. fxe5 {[%emt 0:04:56]} Bxe5 {[%emt 0:04:40]} 24. Qg2 {[%emt 0:05:57]} Kg7 {[%emt 0:17:43]} 25. Rb1 {[%emt 0:01:23]} Rac8 {[%emt 0:05:07]} 26. b3 {[%emt 0:00:26]} h5 {[%emt 0:00:48]} 27. Qd2 {[%emt 0:05:55]} Rh8 {[%emt 0:03:52]} 28. Bb2 {[%emt 0:00:22]} h4 {[%emt 0:00:22]} 29. Kg2 {[%emt 0:13:19]} Bc3 {[%emt 0:10:02]} 30. Rbc1 {[%emt 0:03:20]} Qf6 {[%emt 0:02:20]} 31. Bxc3 {[%emt 0:00:38]} Rxc3 {[%emt 0:01:23]} 32. Rxc3 {[%emt 0:05:07]} bxc3 {[%emt 0:01:14]} 33. Qf4 {[%emt 0:10:47]} Ne5 {[%emt 0:02:13]} 34. Be4 {[%emt 0:10:21]} h3+ {[%emt 0:06:01]} 35. Kg1 {[%emt 0:07:11]} Qb6+ {[%emt 0:06:19]} 36. Qf2 {[%emt 0:04:13]} Qxf2+ {[%emt 0:00:32]} 37. Kxf2 {[%emt 0:00:01]} f5 {[%emt 0:00:08]} 38. Bd3 {[%emt 0:02:29]} Ng4+ {[%emt 0:02:53]} 39. Kg1 {[%emt 0:02:36]} Ne3 {[%emt 0:01:12]} 40. Rc1 {[%emt 0:00:16]} Nxd5 {[%emt 0:01:19]} 41. Bc4 {[%emt 0:30:01]} Rd8 {[%emt 0:30:33]} 42. Kf2 {[%emt 0:01:58]} Nf6 {[%emt 0:00:13]} 43. Ke3 {[%emt 0:01:53]} Ng4+ {[%emt 0:00:33]} 44. Kf4 {[%emt 0:03:45]} Rd4+ {[%emt 0:00:26]} 45. Kf3 {[%emt 0:00:07]} Ne5+ {[%emt 0:03:06]} 46. Ke3 {[%emt 0:00:02]} Re4+ {[%emt 0:00:08]} 47. Kf2 {[%emt 0:01:05]} Rxc4 {[%emt 0:00:10]} 0-1

[Event "WTCC-50 2018"]
[Site "Radebeul"]
[Date "2018.07.15"]
[Round "9"]
[White "Fegan, Chris"]
[Black "Polster, Wolfgang"]
[Result "0-1"]
[WhiteElo "2040"]
[BlackElo "2203"]
[Annotator "NA"]
[PlyCount "72"]
[EventDate "2018.07.07"]
[EventType "team-tourn"]
[EventCountry "GER"]
[SourceTitle "playchess.com"]
[Source "ChessBase"]
[SourceQuality "1"]
[TimeControl "40/5400+30:1800+30"]

1. d4 f5 2. Bg5 {[%emt 0:01:29]} g6 {[%emt 0:00:48]} 3. h4 {[%emt 0:00:16]} Bg7 {[%emt 0:01:14]} 4. Nc3 {[%emt 0:01:13]} Nc6 {[%emt 0:03:44]} 5. d5 {[%emt 0:04:36]} Ne5 {[%emt 0:01:02]} 6. e4 {[%emt 0:00:53]} d6 {[%emt 0:04:38]} 7. Nf3 {[%emt 0:06:21]} Nxf3+ {[%emt 0:04:57]} 8. Qxf3 {[%emt 0:00:37]} fxe4 {[%emt 0:03:50]} 9. Nxe4 {[%emt 0:01:41]} c6 {[%emt 0:01:12]} 10. O-O-O {[%emt 0:02:05]} Bf5 {[%emt 0:13:47]} 11. Bc4 {[%emt 0:11:39]} Qb6 {[%emt 0:02:59]} 12. Bb3 {[%emt 0:15:03]} O-O-O {[%emt 0:01:45]} 13. dxc6 {[%emt 0:04:55]} bxc6 {[%emt 0:02:41]} 14. Be3 {[%emt 0:06:34]} Qb7 {[%emt 0:04:05]} 15. g4 {[%emt 0:04:11]} Bxe4 {[%emt 0:02:43]} 16. Qxe4 {[%emt 0:00:06]} d5 {[%emt 0:02:04]} 17. Qa4 {[%emt 0:02:13]} Rd7 {[%emt 0:06:35]} 18. c4 {[%emt 0:05:13]} e6 {[%emt 0:05:53]} 19. Rd2 {[%emt 0:02:17]} Nf6 {[%emt 0:01:54]} 20. Kb1 {[%emt 0:05:57]} Ne4 {[%emt 0:00:36]} 21. Rc2 {[%emt 0:03:09]} d4 {[%emt 0:00:37]} 22. c5 {[%emt 0:00:54]} Re8 {[%emt 0:01:04]} 23. Rc4 {[%emt 0:02:34]} Qb5 {[%emt 0:00:45]} 24. Qa3 {[%emt 0:02:37]} dxe3 {[%emt 0:01:30]} 25. Rxe4 {[%emt 0:00:30]} exf2 {[%emt 0:00:34]} 26. Bc4 {[%emt 0:02:32]} Qb8 {[%emt 0:02:17]} 27. Bxe6 {[%emt 0:02:34]} Kd8 {[%emt 0:00:19]} 28. Rb4 {[%emt 0:03:48]} Qxb4 {[%emt 0:03:24]} 29. Qxb4 {[%emt 0:00:30]} Rxe6 {[%emt 0:00:06]} 30. Qb8+ {[%emt 0:06:43]} Ke7 {[%emt 0:00:11]} 31. Qg8 {[%emt 0:00:16]} Kf6 {[%emt 0:05:29]} 32. g5+ {[%emt 0:01:08]} Kf5 {[%emt 0:00:06]} 33. Qc8 {[%emt 0:00:52]} Rd2 {[%emt 0:00:55]} 34. Rf1 {[%emt 0:00:55]} Rxb2+ {[%emt 0:00:46]} 35. Kc1 {[%emt 0:00:33]} Rxa2 {[%emt 0:00:34]} 36. Qg8 {[%emt 0:00:34]} Re1+ {[%emt 0:00:09]} 0-1

[Event "WTCC-50 2018"]
[Site "Radebeul"]
[Date "2018.07.15"]
[Round "9"]
[White "Vollak, Andreas"]
[Black "Ernst, Michael"]
[Result "0-1"]
[WhiteElo "2027"]
[BlackElo "2156"]
[Annotator "NA"]
[PlyCount "64"]
[EventDate "2018.07.07"]
[EventType "team-tourn"]
[EventCountry "GER"]
[SourceTitle "playchess.com"]
[Source "ChessBase"]
[SourceQuality "1"]
[TimeControl "40/5400+30:1800+30"]

1. d4 {[%emt 0:00:00]} Nf6 {[%emt 0:00:00]} 2. Nf3 {[%emt 0:00:00]} d5 {[%emt 0:00:00]} 3. c4 {[%emt 0:00:35]} e6 {[%emt 0:00:00]} 4. g3 {[%emt 0:00:52]} dxc4 {[%emt 0:00:45]} 5. Qa4+ {[%emt 0:01:04]} Nbd7 {[%emt 0:00:55]} 6. Bg2 {[%emt 0:02:28]} a6 {[%emt 0:00:39]} 7. Qxc4 {[%emt 0:00:32]} b5 {[%emt 0:00:09]} 8. Qc2 {[%emt 0:01:46]} Bb7 {[%emt 0:00:09]} 9. Bd2 {[%emt 0:04:38]} c5 {[%emt 0:01:02]} 10. O-O {[%emt 0:10:08]} Rc8 {[%emt 0:02:42]} 11. dxc5 {[%emt 0:07:40]} Bxc5 {[%emt 0:01:10]} 12. Qd1 {[%emt 0:02:48]} O-O {[%emt 0:01:00]} 13. Nc3 {[%emt 0:00:31]} Qb6 {[%emt 0:02:38]} 14. e3 {[%emt 0:08:04]} Rfd8 {[%emt 0:05:34]} 15. Qe2 {[%emt 0:05:56]} Be7 {[%emt 0:08:00]} 16. Rac1 {[%emt 0:03:24]} Nc5 {[%emt 0:13:46]} 17. Nd4 {[%emt 0:17:27]} Bxg2 {[%emt 0:00:51]} 18. Kxg2 {[%emt 0:00:14]} b4 {[%emt 0:03:17]} 19. Nb1 {[%emt 0:00:34]} e5 {[%emt 0:09:08]} 20. Nf5 {[%emt 0:01:12]} Bf8 {[%emt 0:00:46]} 21. f3 {[%emt 0:05:51]} g6 {[%emt 0:03:24]} 22. Nh4 {[%emt 0:00:32]} e4 {[%emt 0:01:25]} 23. b3 {[%emt 0:08:04]} Qb7 {[%emt 0:09:05]} 24. Rc4 {[%emt 0:02:05]} Nd3 {[%emt 0:01:33]} 25. fxe4 Rxc4 {[%emt 0:02:04]} 26. bxc4 {[%emt 0:04:40]} Nxe4 {[%emt 0:02:04]} 27. Qf3 {[%emt 0:02:42]} Ne5 {[%emt 0:00:30]} 28. Qf4 {[%emt 0:05:27]} Nxd2+ {[%emt 0:01:08]} 29. Nf3 {[%emt 0:02:07]} Nexf3 {[%emt 0:00:34]} 30. Rxf3 {[%emt 0:00:02]} Qxf3+ {[%emt 0:00:15]} 31. Qxf3 {[%emt 0:00:10]} Nxf3 {[%emt 0:00:05]} 32. Kxf3 {[%emt 0:00:10]} Rd1 {[%emt 0:00:09]} 0-1

[Event "WTCC-50 2018"]
[Site "Radebeul"]
[Date "2018.07.15"]
[Round "9"]
[White "Cedervall, Magnus"]
[Black "Gempe, Thomas"]
[Result "1/2-1/2"]
[WhiteElo "1928"]
[BlackElo "2178"]
[Annotator "NA"]
[PlyCount "33"]
[EventDate "2018.07.07"]
[EventType "team-tourn"]
[EventCountry "GER"]
[SourceTitle "playchess.com"]
[Source "ChessBase"]
[SourceQuality "1"]
[TimeControl "40/5400+30:1800+30"]

1. e4 {[%emt 0:00:00]} g6 {[%emt 0:00:00]} 2. d4 {[%emt 0:00:01]} Bg7 {[%emt 0:00:00]} 3. Nc3 {[%emt 0:00:15]} d6 {[%emt 0:00:04]} 4. Be3 {[%emt 0:00:14]} a6 {[%emt 0:00:49]} 5. Qd2 {[%emt 0:01:06]} Nd7 {[%emt 0:00:55]} 6. Nge2 {[%emt 0:05:45]} b5 {[%emt 0:01:02]} 7. a3 {[%emt 0:00:41]} Bb7 {[%emt 0:01:16]} 8. f3 {[%emt 0:00:39]} Rc8 {[%emt 0:06:37]} 9. g3 {[%emt 0:06:01]} Nb6 {[%emt 0:06:07]} 10. Nf4 {[%emt 0:08:07]} Nf6 {[%emt 0:05:18]} 11. Be2 {[%emt 0:14:55]} O-O {[%emt 0:13:36]} 12. h4 {[%emt 0:03:56]} Nfd7 {[%emt 0:18:54]} 13. h5 {[%emt 0:07:40]} e5 {[%emt 0:08:54]} 14. Nfd5 {[%emt 0:18:55]} Nxd5 {[%emt 0:00:47]} 15. exd5 {[%emt 0:05:43]} exd4 {[%emt 0:05:25]} 16. Bxd4 {[%emt 0:00:42]} Bxd4 {[%emt 0:00:09]} 17. Qxd4 {[%emt 0:01:07]} 1/2-1/2

[Event "WTCC-50 2018"]
[Site "Radebeul"]
[Date "2018.07.15"]
[Round "9"]
[White "Karlsson, Ulf"]
[Black "Schultz, Andreas"]
[Result "1/2-1/2"]
[WhiteElo "1918"]
[BlackElo "2211"]
[Annotator "NA"]
[PlyCount "122"]
[EventDate "2018.07.07"]
[EventType "team-tourn"]
[EventCountry "GER"]
[SourceTitle "playchess.com"]
[Source "ChessBase"]
[SourceQuality "1"]
[TimeControl "40/5400+30:1800+30"]

1. e4 {[%emt 0:00:00]} e6 {[%emt 0:00:00]} 2. d4 {[%emt 0:00:00]} d5 {[%emt 0:00:00]} 3. Nd2 {[%emt 0:00:01]} c5 {[%emt 0:00:00]} 4. Ngf3 {[%emt 0:00:24]} cxd4 {[%emt 0:00:05]} 5. exd5 {[%emt 0:00:26]} Qxd5 {[%emt 0:00:14]} 6. Bc4 {[%emt 0:00:24]} Qd6 {[%emt 0:00:07]} 7. O-O {[%emt 0:04:48]} Nf6 {[%emt 0:00:46]} 8. Nb3 {[%emt 0:04:08]} Nc6 {[%emt 0:00:29]} 9. Nbxd4 {[%emt 0:01:46]} Nxd4 {[%emt 0:00:17]} 10. Nxd4 {[%emt 0:03:08]} a6 {[%emt 0:00:58]} 11. c3 {[%emt 0:08:26]} Qc7 {[%emt 0:04:44]} 12. Bd3 {[%emt 0:02:42]} Bd6 {[%emt 0:00:48]} 13. h3 {[%emt 0:00:37]} h6 {[%emt 0:02:59]} 14. Qf3 {[%emt 0:05:36]} Bh2+ {[%emt 0:00:52]} 15. Kh1 {[%emt 0:00:19]} Be5 {[%emt 0:00:11]} 16. Qe2 {[%emt 0:03:10]} O-O {[%emt 0:01:48]} 17. Re1 {[%emt 0:04:24]} Bxd4 {[%emt 0:07:24]} 18. cxd4 {[%emt 0:00:30]} Bd7 {[%emt 0:00:39]} 19. Qe5 {[%emt 0:05:26]} Qxe5 {[%emt 0:00:57]} 20. dxe5 {[%emt 0:00:23]} Nd5 {[%emt 0:00:12]} 21. Be4 {[%emt 0:01:07]} Bc6 {[%emt 0:00:10]} 22. Bxd5 {[%emt 0:02:49]} Bxd5 {[%emt 0:00:10]} 23. Bd2 {[%emt 0:00:24]} Rfc8 {[%emt 0:00:26]} 24. a3 {[%emt 0:01:13]} Rc2 {[%emt 0:00:43]} 25. Bc3 {[%emt 0:03:20]} Rxf2 {[%emt 0:01:03]} 26. Rg1 {[%emt 0:00:06]} Rd8 {[%emt 0:03:56]} 27. Kh2 {[%emt 0:00:29]} Bc4 {[%emt 0:03:30]} 28. Rad1 {[%emt 0:05:07]} Rd5 {[%emt 0:03:22]} 29. Kg3 {[%emt 0:08:32]} Rc2 {[%emt 0:03:03]} 30. Rc1 {[%emt 0:07:52]} Rd3+ {[%emt 0:05:15]} 31. Kh2 {[%emt 0:00:25]} Rf2 {[%emt 0:04:43]} 32. Rcd1 {[%emt 0:08:53]} Rxd1 {[%emt 0:08:43]} 33. Rxd1 {[%emt 0:00:06]} Bd5 {[%emt 0:00:10]} 34. Rd2 {[%emt 0:00:18]} Rf1 {[%emt 0:00:16]} 35. Kg3 {[%emt 0:00:57]} f5 {[%emt 0:03:10]} 36. exf6 {[%emt 0:02:38]} gxf6 {[%emt 0:00:13]} 37. Rf2 {[%emt 0:00:51]} Rxf2 38. Kxf2 {[%emt 0:00:01]} Kf7 {[%emt 0:01:29]} 39. g3 {[%emt 0:01:04]} Bb3 {[%emt 0:01:54]} 40. Ke3 {[%emt 0:00:51]} Kg6 {[%emt 0:02:23]} 41. Bb4 {[%emt 0:33:22]} h5 {[%emt 0:34:16]} 42. h4 {[%emt 0:01:01]} Kf7 {[%emt 0:05:09]} 43. Ba5 {[%emt 0:02:18]} Ke7 {[%emt 0:00:18]} 44. Bb4+ {[%emt 0:03:00]} Kd7 {[%emt 0:01:27]} 45. Bc3 {[%emt 0:00:22]} e5 {[%emt 0:00:23]} 46. Ba5 {[%emt 0:00:18]} Ke7 {[%emt 0:02:38]} 47. Bb6 {[%emt 0:01:09]} Bd1 {[%emt 0:00:56]} 48. Ba5 {[%emt 0:00:10]} Kd6 {[%emt 0:00:17]} 49. Bd8 {[%emt 0:00:38]} f5 {[%emt 0:00:09]} 50. Kd2 {[%emt 0:01:26]} Bg4 {[%emt 0:00:18]} 51. Ke3 {[%emt 0:00:06]} Kd5 {[%emt 0:00:06]} 52. Bc7 {[%emt 0:01:15]} e4 {[%emt 0:00:12]} 53. Bd8 {[%emt 0:01:27]} Kc4 {[%emt 0:00:13]} 54. Bf6 {[%emt 0:00:18]} Bd1 {[%emt 0:01:46]} 55. Be5 {[%emt 0:00:40]} b6 {[%emt 0:01:47]} 56. Bc7 {[%emt 0:00:52]} Kc5 {[%emt 0:00:20]} 57. Be5 {[%emt 0:00:18]} a5 {[%emt 0:00:14]} 58. Bf6 {[%emt 0:00:09]} b5 {[%emt 0:00:53]} 59. Bd8 {[%emt 0:00:35]} a4 {[%emt 0:00:07]} 60. Bf6 {[%emt 0:00:46]} Kc4 {[%emt 0:01:46]} 61. Be5 {[%emt 0:00:32]} b4 {Kxe4} 1/2-1/2